00000000nam##2200000za#4500
0019.527972
003CaOODSP
00520200326164506
007ta
008150406|1997||||xxc|||||     f|0| 0 eng|d
020 |a0-660-60069-2
040 |aCaOODSP|beng
041 |aeng
041 |afre
043 |an-cn---
0861 |aBT31-2/1998-III-11
1101 |aCanada. |bTreasury Board.
24510|aHuman Resources Development Canada
260 |aOttawa - Ontario : |bTreasury Board of Canada Secretariat |c1997.
300 |aEnglish text, 139p. in various pagings. : |bfigs., tables ; |c28 cm.
4901 |a1997-98 estimates, part III: Expenditure plan
546 |aBilingual
563 |aSoftcover
590 |a97-08|b1997-02-21
7760#|tHuman Resources Development Canada, 1997-98 estimates, part III, expenditure plan |w(CaOODSP)9.567604
792 |tDéveloppement des ressources humaines Canada |efre|w(CaOODSP)9.527973
830#0|a1997-98 estimates, part III: Expenditure plan.|w(CaOODSP)9.508958